000 01266cas a22002535 4500
001 L143014
008 080401c2003 xxkqr w 0 a0eng u
020 _a14622351
035 _a(Sirsi) u143014
041 0 _aeng
050 _a333.33 $2 18
110 2 _aUniversity of Ulster
_93068
245 0 0 _aNorthern Ireland quarterly house price index
_h[electronic resource]
260 _aUlster
_bUniversity of Ulster
_c2003-
362 0 _aFirst Quarter 2003-
490 0 _aNorthern Ireland Quarterly House Price Index
_vFirst Quarter 2003-
520 _aProvides market statistics and commentary, reporting on emerging trends and considering factors which may influence their development. Offers market performance headline figures organised by property types and by region. Presents the price index in context of the survey?s history. Considers Northern Ireland price ratios, local affordability and different price sectors of the market.
554 _aFour per year
651 4 _aNorthern Ireland
_y2002-2007
651 4 _aNorthern Ireland
_y2007-
690 _aPROPERTY-RESIDENTIAL PROPERTY-RESIDENTIAL PROPERTY MARKET
856 4 0 _uhttps://www.engj.ulst.ac.uk/rpp-group/reports.php
_zView the reports free of charge at www.engj.ulst.ac.uk...
942 _n0
999 _c119178
_d119178